Tratado de contabilidad (Registro nro. 303046)

Detalles MARC
000 -ENCABEZADO
Número de control [NR] 01511nam a2200229 4500
005 - FECHA Y HORA DE LA ÚLTIMA TRANSACCIÓN
control field 20160318090050.0
008 - DE LONGITUD FIJA DE DATOS DE ELEMENTOS - INFORMACIÓN GENERAL
Elementos de longitud fija [NR] 160318s1906 ec |||fr|||| 001 0 spa d
040 ## - FUENTE DE CATALOGACION [NR]
Agencia de catalogación original [NR] CO-BoUCM
Idioma de catalogación [NR] spa
Quien Cataloga Sandra Yazo
Quien Clasifica Sandra Yazo
041 0# - CODIGO DE IDIOMA [R]
Código de idioma para texto/pista de sonido o título separado [R] Español
082 04 - NUMERO DE CLASIFICACION DECIMAL DEWEY [R]
Número de la edición [NR] 20
Número de clasificación [R] 657
092 ## - SIGNATURA TOPOGRAFICA LOCAL
Número de clasificación local E38N121
100 1# - ASIENTO PRINCIPAL--NOMBRE PERSONAL [NR]
Nombre personal [NR] Concha, Julio C.
ID Autoridad 76224
245 10 - MENCION DE TITULO [NR]
Título [NR] Tratado de contabilidad
Parte restante del título [NR] Texto oficial
Mención de responsabilidad, etc. [NR] por Julio C. Concha
260 ## - PUBLICACION, DISTRIBUCION, ETC. (PIE DE IMPRENTA) [R]
Lugar de publicación, distribución, etc. [R] Guayaquil (Ecuador)
Nombre del editor, distribuidor, etc. [R] Imp. y Lit. del Comercio
Fecha de publicación, distribución, etc. [R] 1906
300 ## - DESCRIPCION FISICA [R]
Extensión [R] 367 páginas
Dimensiones [R] 28 x 18 cm
500 ## - NOTA GENERAL [R]
Nota general [NR] Detalles físicos: Encuadernación flexible. Tapas sucias y manchadas, datos de publicación impresos en tapa delantera. Hoja de cortesía. Portada impresa en una sola tinta. Texto impreso en una sola columna. Incluye cuadros contables, algunos en hoja plegada. Esquinas de hojas dobladas. Papel manchado por oxidación
505 0# - NOTA DE CONTENIDO CON FORMATO PREESTABLECIDO [R]
Nota de contenido con formato preestablecido [NR] Acuerdo del ejecutivo adoptando el sistema de contabilidad ; Juicios de la Obra ; Notas explicativas ; Prologo ; Tratado de contabilidad pública y su reglamentación ; Reglas generales para la aplicación del sistema ; Comprobación de cuentas ; Cuentas de aduanas, generales de hacienda ; Disposiciones generales y especiales -- Contabilidades simuladas, modelos: Tesorería de hacienda de Guayas ; Colecturía fiscal de Guayaquil ; Administración de aduanas Guayaquil ; Colecturía aduana Guayaquil
506 ## - NOTA DE RESTRICCIONES DE ACCESO [R]
Condiciones de acceso [NR] Consulta en sala
650 #7 - ASIENTO SECUNDARIO DE MATERIA - TERMINO TEMATICO [R]
Término temático o nombre geográfico como elemento de entrada [NR] Contabilidad
Subdivisión general [R] Manuales
9 (RLIN) 76225
690 ## - ASUNTO AGREGADO LOCAL DE ENTRADA - TÉRMINO TEMÁTICO (OCLC, RLIN)
Acceso temático local Contabilidad
9 (RLIN) 7449
942 ## - ELEMENTOS DE ENTRADA AGREGADOS (KOHA)
Sistema de clasificación LOCAL
Tipo de ítem principal el descrito en 300a Libro
Edición 1
Clasificación E38N121
Existencias
Suprimido Perdido Sistema de clasificación Dañado No prestable Tipo de ítem específico Ubicación habitual Ubicación actual Localización Fecha de creación Forma de adquisición Costo Total préstamos Signatura topográfica Código de barras Última vez visto Ejemplar Price effective from Tipo de ítem
    LOCAL     Libro archivo Archivo Histórico Archivo Histórico Archivo histórico 18/03/2016 Donación 0.00   E38N121 L005452 18/03/2016 Ej.1 18/03/2016 Libro